000
00217nam a22000857a 4500
008
161015b xxu||||| |||| 00| 0 eng d
100
_9
858
_a
Beers, V.G
245
_a
Friends Are Helpers
260
_a
Michigan
_b
Edu.Pub
_c
1991
999
_c
3510
_d
3510